000 00900nam a22002297a 4500
003 LK-CoDNM
005 20241011105635.0
008 241011b |||||||| |||| 00| 0 eng d
040 _aLK-CoDNM
_dLK-CoDNM
_eLK-CoDNM
041 _asin
080 _aප්‍ර.අ
_b29.1
100 _aunknown
245 _aගුරුවරුන් පුහුණුකරන ශාස්ත්‍රශාලාවේ සිංහල සඟරාව 1918 - 2 කාණ්ඩය
_b1-3 කලාපය
250 _aPart 1
260 _aවිද්‍යාසාගර යන්ත්‍රාලය
_bකොළඹ
_c1918
300 _a23cm
490 _vVol 2
650 _aප්‍ර.අ 29.1
650 _aගුරුවරුන් පුහුණුකරන ශාස්ත්‍රශාලාවේ සිංහල සඟරාව
650 _a1918 - 2 කාණ්ඩය
942 _cBK
999 _c218994
_d218994